Normal view
MARC view
- Van Herk, Gerard
Entry Personal Name
001 - CONTROL NUMBER
- control field: 39808
003 - CONTROL NUMBER IDENTIFIER
- control field: OSt
005 - DATE AND TIME OF LATEST TRANSACTION
- control field: 20160412132717.0
008 - FIXED-LENGTH DATA ELEMENTS
- fixed length control field: 160412|| aca||aabn | a|a d
040 ## - CATALOGING SOURCE
- Original cataloging agency: OSt
100 1# - HEADING--PERSONAL NAME
- Personal name: Van Herk, Gerard
400 1# - SEE FROM TRACING--PERSONAL NAME
- Personal name: Herk, Gerard van